| 000 | 00526nam a2200193Ia 4500 | ||
|---|---|---|---|
| 003 | OSt | ||
| 005 | 20220928144534.0 | ||
| 006 | a|||||r|||| 00| 0 | ||
| 007 | ta | ||
| 008 | 220927b |||||||| |||| 00| 0 eng d | ||
| 024 | _a71510 | ||
| 037 | _cTextual | ||
| 040 |
_aSDCL _cSDCL _beng |
||
| 041 |
_2eng _aeng |
||
| 082 | _aS:7n1,N85, M5 | ||
| 245 | 0 | _aADVANCES IN applied developmental psychology. V1 - ; 1985- This library has V1 - ; 1985- | |
| 942 |
_hS:7n1,N85, M5 _cTEXL _2CC |
||
| 999 |
_c827688 _d827688 |
||